000 00421nam a2200181Ia 4500
001 19701
005 20260306172712.0
008 260306t2009||||xx |||||||||||||| ||spa||
041 _aESP
082 _a341
_bG336
100 _aGeorge, Robert P.
_eAUT
245 0 _aEntre el derecho y la moral
260 _c2009
300 _a298 páginas :
_c23 cm.
650 _aGEN
654 _aCDE
942 _cLIB
_dJUS
_fJUS
_2ddc
_n
999 _c19701
_d19701